De los empresarios políticos a los políticos empresarios /
Na minha lista:
| Autor principal: | |
|---|---|
| Outros Autores: | , , , |
| Formato: | Texto |
| Publicado em: |
Heredia:
UNA. UCID. Facultad de Ciencias Sociales
|
| Assuntos: | |
| Tags: |
Adicionar Tag
Sem tags, seja o primeiro a adicionar uma tag!
|
MARC
| LEADER | 00000 a a2200000 04500 | ||
|---|---|---|---|
| 001 | 14514 | ||
| 003 | |||
| 040 | |||
| 090 | |a 018100 | ||
| 100 | |a Alvarado Ugarte, Hernán | ||
| 245 | |a De los empresarios políticos a los políticos empresarios / |c Hernán Alvarado Ugarte | ||
| 260 | |a Heredia: |b UNA. UCID. Facultad de Ciencias Sociales | ||
| 300 | |a 142 p. | ||
| 650 | |a EMPRESARIOS | ||
| 650 | |a POLITICOS | ||
| 700 | |a Argüello Rodríguez, Manuel | ||
| 700 | |a Cruz Meléndez, Carlos | ||
| 700 | |a Díaz Naranjo, José Luis | ||
| 700 | |a Gutiérrez D, Enrique | ||
| 999 | |c 1422 |d 1422 | ||
